000 00225nam a22000977a 4500
999 _c16170
_d16170
003 OSt
008 200612b ||||| |||| 00| 0 eng d
100 _aHenry de Montherlant
_94589
245 _aThe Master of Santiago
942 _cBK